| 000 | 01698cam a22004337a 4500 | ||
|---|---|---|---|
| 001 | 15677891 | ||
| 003 | OSt | ||
| 005 | 20240215104118.0 | ||
| 008 | 090320s2008 au ab b 001 0 ger d | ||
| 010 | _a 2009447171 | ||
| 016 | 7 |
_a988750333 _2GyFmDB |
|
| 020 | _a9783850332149 | ||
| 020 | _a3850332144 | ||
| 035 | _a(OCoLC)ocn317381654 | ||
| 040 |
_aGWDNB _beng _cCNCCA _dJPG _dDLC |
||
| 042 | _alccopycat | ||
| 043 | _ae-au--- | ||
| 050 | 0 | 0 |
_aN1677 _b.B57 2008 |
| 082 |
_a727.70943613 _bBIS |
||
| 100 | 1 |
_aBischoff, Cäcilia. _9120478 |
|
| 245 | 1 | 0 |
_aKunsthistorische Museum : _bhistory, architecture, decoration / _cby Cäcilia Bischoff . |
| 260 |
_aWien : _bBrandstätter, _c2010. |
||
| 300 |
_a259 p. : _bill. (chiefly col.), col. maps ; _c31 cm. |
||
| 504 | _aIncludes bibliographical references (p. 252-257) and index. | ||
| 610 | 2 | 0 |
_aKunsthistorisches Museum Wien _xHistory. _9120479 |
| 650 | 0 |
_aArt museums _zAustria _zVienna. _9120480 |
|
| 650 | 0 |
_aArt museum architecture _zAustria _zVienna. _9120481 |
|
| 650 | 0 |
_aInterior decoration _zAustria _zVienna. _9120482 |
|
| 651 | 0 |
_aVienna (Austria) _xBuildings, structures, etc. _9120483 |
|
| 700 | 1 |
_aUldrich, Andreas. _9120484 |
|
| 700 | 1 |
_aSeipel, Wilfried. _9120485 |
|
| 710 | 2 |
_aKunsthistorisches Museum Wien. _9120486 |
|
| 856 | 4 | 2 |
_3Publisher's description _uhttp://deposit.d-nb.de/cgi-bin/dokserv?id=3108385&prov=M&dok_var=1&dok_ext=htm |
| 906 |
_a7 _bcbc _ccopycat _d3 _encip _f20 _gy-gencatlg |
||
| 936 | _aPR 297558853 | ||
| 942 |
_2ddc _cBK _aSADA _k727.70943613 BIS 2010 |
||
| 999 |
_c607748 _d607748 |
||